| 000 | 00581nam a22001937a 4500 | ||
|---|---|---|---|
| 999 |
_c525926 _d525926 |
||
| 003 | NUST | ||
| 005 | 20190705104245.0 | ||
| 008 | 190705b ||||| |||| 00| 0 eng d | ||
| 038 | _aMr.Atta | ||
| 082 | _a510 | ||
| 100 |
_aZulfiqar, Zeshan _916875 |
||
| 245 |
_aApproximate Closed form Solution of MHD flow over a Rotating Disk / _cZeshan Zulfiqar |
||
| 260 |
_aIslamabad : _bSNS - NUST, _c2018. |
||
| 300 |
_avii, 37 p. ; ill. ; _c30cm. |
||
| 500 | _aHardcover. | ||
| 650 |
_aMathematics - MS Thesis _916139 |
||
| 700 |
_aProf. Azad Akhter Siddique _916876 |
||
| 942 |
_2ddc _cTHE |
||